| 000 -ლიდერი |
| ფიქსირებული სიგრძის საკონტროლო ველი |
01057nam a2200253Ia 4500 |
| 001 - საკონტროლო ნომერი |
| საკონტროლო ველი |
20079 |
| 003 - საკონტროლო ნომრის იდენტიფიკატორი |
| საკონტროლო ველი |
GE_BSU |
| 005 - ბოლო ოპერაციის თარიღი და დრო |
| საკონტროლო ველი |
20250424120056.0 |
| 008 - ფიქსირებული სიგრძის მონაცემთა ელემენტები - ზოგადი ინფორმაცია |
| ფიქსირებული სიგრძის საკონტროლო ველი |
181216s1993||||ge |||||||||||||| ||geo|| |
| 040 ## - კატალოგიზაციის წყარო |
| Transcribing agency |
GE_BSU |
| 041 ## - ენის კოდი |
| Language code of text/sound track or separate title |
geo |
| 080 ## - უნივერსალური ათობითი კლასიფიკაციის ინდექსი |
| Universal Decimal Classification number |
611(075.8) კ-34 |
| 100 ## - მთავარი ჩანაწერი - პიროვნების სახელი |
| Personal name |
კაციტაძე, ზურაბ |
| 9 (RLIN) |
24933 |
| 245 ## - ცნობა სათაურის შესახებ |
| Title |
ადამიანის ანატომია : |
| Remainder of title |
ზურგის ტვინი. თავის ტვინი. პერიფერიული ნერვები. გრძნობათა ორგანოები / |
| 264 ## - წარმოების, გამოცემის, დისტრიბუციის და სხვა ცნობები |
| გამოცემის, წარმოების, დისტრიბუციის... ადგილი |
თბილისი : |
| გამოცემის, წარმოების, დისტრიბუციის... სახელწოდება |
იბერია, |
| გამოცემის, წარმოების, დისტრიბუციის... თარიღი |
1993. |
| 300 ## - ფიზიკური აღწერა |
| Extent |
216 გვ. : |
| Other physical details |
სურ. ; |
| Dimensions |
20 სმ. |
| 653 ## - INDEX TERM--UNCONTROLLED |
| Uncontrolled term |
ადამიანის ანატომია |
| 653 ## - INDEX TERM--UNCONTROLLED |
| Uncontrolled term |
ზურგის ტვინი |
| 653 ## - INDEX TERM--UNCONTROLLED |
| Uncontrolled term |
თავის ტვინი |
| 653 ## - INDEX TERM--UNCONTROLLED |
| Uncontrolled term |
პერიფერიული ნერვები |
| 653 ## - INDEX TERM--UNCONTROLLED |
| Uncontrolled term |
გრძნობათა ორგანოები |
| 942 ## - ADDED ENTRY ELEMENTS (KOHA) |
| Koha item type |
წიგნი |
| Source of classification or shelving scheme |
|